| 000 | 00781nam a2200253 a 4500 | ||
|---|---|---|---|
| 008 | |||
| 020 | _a0875844405 (pbk.) | ||
| 049 | _aMAIN | ||
| 090 | 0 | 0 | _aHD30.23 |
| 100 | 1 | _aPfeffer, Jeffrey. | |
| 245 | 1 | 0 |
_aManaging with power : _bpolitics and influence in organizations / _cJeffrey Pfeffer. |
| 260 |
_aBoston, Mass. : _bHarvard Business School Press, _cc1992. |
||
| 300 |
_aviii, 391 p. ; _c24 cm. |
||
| 504 | _aIncludes bibliographical references. | ||
| 500 | _aIncludes index. | ||
| 650 | 0 | _aDecision making. | |
| 650 | 0 | _aPower (Social sciences) | |
| 650 | 0 | _aOrganizational behavior. | |
| 907 |
_a.b10155223 _b13-04-05 _c28-02-05 |
||
| 003 | |||
| 005 | 20230123133933.0 | ||
| 040 | _cNUST | ||
| 942 |
_cBOOKS _kHD30.23 |
||
| 999 |
_c157208 _d157208 |
||